00438 a2200121 450000500170000000800410001702000180005804100120007610000300008824501380011826000530025630000070030920250730115424.0250728b |||||||| |||| 00| 0 eng d a9789391005009 aEnglish aCommercial Law Publishers aThe Designs ACT, 2000 b: (Act, 16 Of 2000) Alongwith The Design Rules, 2001 (As Abended vide GSR 45(E) Dt. 21.1.2021, w.e.f 25.1.25) bCommercial Law Publishers (India) Pvt. Ltdc2025 a69